[Event "Creon"]
[Site "?"]
[Date "2006.08.04"]
[Round "7.3"]
[White "Sanduleac Vasile"]
[Black "Dzhumaev Marat"]
[Result "1/2-1/2"]
[WhiteElo "2519"]
[BlackElo "2509"]
[PlyCount "87"]
[EventDate "2006.??.??"]
[Source "www.chesslib.no"]
[SourceDate "2004.05.04"]

1. e4 Nf6 2. e5 Nd5 3. d4 d6 4. Nf3 Bf5 5. c3 Nc6 6. Be2 e6 7. O-O Nb6 8. Bg5 Qd7 9. exd6 h6 10. Be7 Nxe7 11. dxe7 Qxe7 12. Nbd2 O-O-O 13. a4 Nd5 14. Re1 g5 15. Ne5 f6 16. Nec4 h5 17. a5 g4 18. Bf1 h4 19. Ne3 Nxe3 20. fxe3 e5 21. a6 b6 22. Qa4 Qe6 23. Bc4 Qd6 24. Bb5 g3 25. h3 Bh6 26. Nc4 Qe6 27. Bc6 Bd3 28. b3 e4 29. Qb5 Rdg8 30. d5 Qe7 31. Bb7+ Kb8 32. Qc6 Qe8 33. Nb2 Bb5 34. Qxe8+ Rxe8 35. Rad1 f5 36. c4 Bg7 37. cxb5 Bxb2 38. Rf1 Ref8 39. Rf4 Ba3 40. Kf1 Be7 41. Ke2 Bg5 42. Rff1 Be7 43. Rf4 Bg5 44. Rff1 1/2-1/2

[Event "Budapest FS04 GM"]
[Site "Budapest"]
[Date "2000.04.04"]
[Round "4"]
[White "Nguyen Anh Dung"]
[Black "Varga, Zoltan"]
[Result "0-1"]
[WhiteElo "2496"]
[BlackElo "2530"]
[PlyCount "128"]
[EventDate "2000.04.01"]
[Source "ChessBase"]
[SourceDate "2000.05.11"]

1. e4 Nf6 2. e5 Nd5 3. d4 d6 4. Nf3 c6 5. Be2 dxe5 6. Nxe5 g6 7. O-O Bg7 8. Nd2 Nf4 9. Bc4 Be6 10. Ndf3 Bxe5 11. Bxe6 Nxe6 12. dxe5 Qxd1 13. Rxd1 Nd7 14. Be3 O-O-O 15. Kf1 Nb6 16. b3 Rd7 17. Rxd7 Nxd7 18. Rd1 c5 19. Ke2 h6 20. h4 Kc7 21. a4 Kc6 22. g3 a6 23. Bc1 b5 24. axb5+ axb5 25. Be3 h5 26. Ra1 Rb8 27. Ra7 Rb7 28. Ra8 Kd5 29. Rc8 Rc7 30. Rxc7 Nxc7 31. Bg5 Ke6 32. Be3 Kd5 33. Bg5 f6 34. exf6 exf6 35. Be3 c4 36. Kd2 b4 37. Ne1 Nb5 38. Ng2 Ne5 39. Nf4+ Ke4 40. Bc5 Nf3+ 41. Kc1 cxb3 42. Bxb4 bxc2 43. Kxc2 Nxh4 44. Be7 Kf5 45. Kd3 Nf3 46. Ke3 Ne5 47. Ne2 g5 48. f4 Ng6 49. Bd8 g4 50. Kd3 Nf8 51. Be7 Ne6 52. Bb4 Nbc7 53. Bd2 Nd5 54. Kc4 Ke4 55. f5 Ng7 56. Nd4 Nb6+ 57. Kc5 Na4+ 58. Kc4 Nb2+ 59. Kc3 Nd1+ 60. Kc4 Ne3+ 61. Bxe3 Kxe3 62. Kd5 h4 63. gxh4 g3 64. Nc2+ Kf2 0-1

[Event "Tel Aviv super 1st"]
[Site "Tel Aviv"]
[Date "1999.05.14"]
[Round "4"]
[White "Liss, Eran"]
[Black "Zilberman, Yaacov"]
[Result "1-0"]
[WhiteElo "2512"]
[BlackElo "2513"]
[PlyCount "67"]
[EventDate "1999.05.??"]
[Source "ChessBase"]
[SourceDate "1999.08.01"]

1. e4 Nf6 2. e5 Nd5 3. d4 d6 4. Nf3 c6 5. c4 Nc7 6. Nc3 Bg4 7. exd6 exd6 8. h3 Bh5 9. Be3 Be7 10. Be2 Nd7 11. g4 Bg6 12. h4 h5 13. g5 a6 14. d5 c5 15. Nh2 b5 16. b3 Rb8 17. f4 bxc4 18. bxc4 Rb4 19. Nf1 Nb6 20. a3 Rb2 21. Bc1 Rc2 22. Bd2 Qd7 23. Ne3 Rb2 24. Qc1 Rxd2 25. Kxd2 O-O 26. Rf1 Bf5 27. Nxf5 Qxf5 28. Qb1 Qxb1 29. Raxb1 Nca8 30. a4 a5 31. Rb5 Bd8 32. Kd3 Bc7 33. Bxh5 Re8 34. Bg4 1-0

[Event "BCF-ch 86th"]
[Site "Scarborough"]
[Date "1999.08.05"]
[Round "5"]
[White "Saravanan, Venkat"]
[Black "Baburin, Alexander"]
[Result "0-1"]
[WhiteElo "2429"]
[BlackElo "2593"]
[PlyCount "60"]
[EventDate "1999.08.05"]
[Source "ChessBase"]
[SourceDate "1999.09.14"]

1. e4 Nf6 2. e5 Nd5 3. d4 d6 4. Nf3 c6 5. c4 Nc7 6. exd6 exd6 7. Bd3 Bg4 8. O-O Be7 9. Be3 Nd7 10. Nbd2 d5 11. c5 Bh5 12. Qb3 b6 13. cxb6 axb6 14. Rfe1 Ne6 15. Rac1 Rc8 16. Qa4 b5 17. Qc2 Bg6 18. Nf1 O-O 19. Ng3 Re8 20. Ne2 Bd6 21. Bxg6 hxg6 22. Qd2 Nf6 23. Ng3 Qc7 24. Rc2 Ne4 25. Qc1 f5 26. Nf1 g5 27. Nxg5 N4xg5 28. Bxg5 Nxd4 29. Rd2 Rxe1 30. Qxe1 Bb4 0-1

[Event "Kiev Spring"]
[Site "Kiev"]
[Date "2000.03.31"]
[Round "10"]
[White "Iordachescu, Viorel"]
[Black "Kosikov, Alexey I"]
[Result "1/2-1/2"]
[WhiteElo "2560"]
[BlackElo "2460"]
[PlyCount "63"]
[EventDate "2000.03.22"]
[Source "ChessBase"]
[SourceDate "2000.07.27"]

1. e4 Nf6 2. e5 Nd5 3. d4 d6 4. Nf3 Nc6 5. c4 Nb6 6. e6 fxe6 7. d5 exd5 8. cxd5 Nb4 9. Nc3 e6 10. dxe6 Bxe6 11. Bb5+ c6 12. O-O Be7 13. Re1 Bf7 14. Bg5 N4d5 15. Nxd5 Nxd5 16. Bc4 O-O 17. Bxe7 Nxe7 18. Bxf7+ Rxf7 19. Ng5 Rf5 20. Qg4 Qb6 21. h3 Qxf2+ 22. Kh1 h6 23. Ne4 Qf4 24. Qxf4 Rxf4 25. Nxd6 Nf5 26. Nxb7 Rb8 27. Nc5 Rb5 28. Re5 Rf2 29. b4 Rf4 30. Rae1 Nd4 31. Re7 Rf7 32. a3 1/2-1/2

[Event "Goodyear Congress"]
[Site "Goodyear Congress"]
[Date "1994.??.??"]
[Round "3"]
[White "Anagnostopoulos, Dimitri"]
[Black "Miles, Anthony J"]
[Result "1/2-1/2"]
[WhiteElo "2425"]
[BlackElo "2590"]
[PlyCount "74"]
[EventDate "1994.??.??"]
[Source "www.chesslib.no"]
[SourceDate "2004.05.04"]

1. e4 Nf6 2. e5 Nd5 3. d4 d6 4. Nf3 c6 5. Bc4 Bg4 6. exd6 e6 7. O-O Bxd6 8. Nbd2 O-O 9. Ne4 Be7 10. c3 Nd7 11. h3 Bh5 12. Ng3 Bg6 13. Re1 Re8 14. Bb3 Qc7 15. a3 Rad8 16. Bc2 c5 17. Bxg6 hxg6 18. Qe2 cxd4 19. Nxd4 Nc5 20. Be3 a6 21. Rad1 Nxe3 22. Qxe3 Bf6 23. Nge2 Rd6 24. Nf3 Red8 25. Rxd6 Rxd6 26. Ned4 Nd7 27. Qe2 Qb6 28. Qc2 Rd5 29. Ne2 Qd6 30. c4 Qc7 31. b4 Ne5 32. Nxe5 Bxe5 33. Rc1 Rd7 34. c5 Qd8 35. g3 Rd2 36. Qe4 Qf6 37. a4 Bb2 1/2-1/2

[Event "Bled opB"]
[Site "Bled"]
[Date "1998.07.19"]
[Round "4"]
[White "Hodova, Lucie"]
[Black "Baciu Otilia"]
[Result "1/2-1/2"]
[WhiteElo "2590"]
[BlackElo "2425"]
[PlyCount "105"]
[EventDate "1998.03.21"]
[Source "www.chesslib.no"]
[SourceDate "2004.05.04"]

1. e4 Nf6 2. e5 Nd5 3. d4 d6 4. Nf3 c6 5. h3 dxe5 6. Nxe5 Nd7 7. Nf3 g6 8. c4 Nc7 9. Be2 Bg7 10. Nc3 b5 11. O-O bxc4 12. Bxc4 O-O 13. Bf4 Nb6 14. Bb3 Nb5 15. Ne2 Bf5 16. Ne5 Be4 17. Rc1 Rc8 18. Re1 Bd5 19. Bxd5 Nxd5 20. Bg3 Bxe5 21. Bxe5 f6 22. Bg3 Qb6 23. Qb3 Rfd8 24. Qc4 Kf8 25. a3 Nd6 26. Bxd6 Rxd6 27. Rc2 Rcd8 28. Rec1 Qb5 29. Qc5 Re6 30. Qxb5 cxb5 31. Kf1 Nb6 32. Rc5 a6 33. b3 Red6 34. Rc6 Ke8 35. g3 Nd5 36. Kg2 Kd7 37. R6c5 g5 38. Kf3 h5 39. R1c2 f5 40. h4 g4+ 41. Kg2 Ke6 42. Kf1 Rf8 43. Kg2 Kd7 44. Kg1 Rb8 45. Kf1 Rbb6 46. Ke1 Rbc6 47. Kf1 b4 48. a4 Rxc5 49. Rxc5 e6 50. Ke1 Rc6 51. Rxc6 Kxc6 52. Kd2 Kd6 53. Nf4 1/2-1/2

[Event "Vilnius zt"]
[Site "Vilnius"]
[Date "1975.??.??"]
[Round "3"]
[White "Dvoretzky, Mark"]
[Black "Grigorian, Karen Ashotovich"]
[Result "1/2-1/2"]
[WhiteElo "2495"]
[BlackElo "2520"]
[PlyCount "64"]
[EventDate "1975.??.??"]
[Source "ChessBase"]

1. e4 Nf6 2. e5 Nd5 3. d4 d6 4. c4 Nb6 5. exd6 cxd6 6. Nc3 g6 7. h3 Bg7 8. Nf3 O-O 9. Be2 Nc6 10. O-O Bf5 11. Be3 d5 12. c5 Nc4 13. Bxc4 dxc4 14. Qa4 e5 15. Rfd1 exd4 16. Nxd4 Nxd4 17. Bxd4 Bxd4 18. Qxc4 Bxf2+ 19. Kxf2 Qf6 20. Qd4 Qxd4+ 21. Rxd4 Kg7 22. Nd5 Be6 23. a3 Rac8 24. b4 Rc6 25. Nf4 b6 26. Rc1 bxc5 27. Rxc5 Rxc5 28. bxc5 Rc8 29. Nxe6+ fxe6 30. Rd7+ Kf6 31. Rxa7 Rxc5 32. Rxh7 Ra5 1/2-1/2

[Event "Pardubice Czech op"]
[Site "Pardubice"]
[Date "2002.07.25"]
[Round "7"]
[White "Nataf, Igor Alexandre"]
[Black "Konopka, Michal"]
[Result "1/2-1/2"]
[WhiteElo "2560"]
[BlackElo "2441"]
[PlyCount "61"]
[EventDate "2002.07.19"]
[Source "ChessBase"]
[SourceDate "2002.09.11"]

1. e4 Nf6 2. e5 Nd5 3. d4 d6 4. c4 Nb6 5. exd6 cxd6 6. Nc3 g6 7. h3 Bg7 8. Nf3 O-O 9. Be2 Nc6 10. O-O Bf5 11. Bf4 h6 12. d5 Na5 13. Nd4 Naxc4 14. b3 Ne5 15. Nxf5 gxf5 16. Qd2 Kh7 17. Rac1 Ng6 18. Be3 Rc8 19. Rfd1 e6 20. dxe6 fxe6 21. Nb5 Rxc1 22. Qxc1 d5 23. Qc7 Qxc7 24. Nxc7 Bb2 25. Kf1 Rf6 26. f4 Rf7 27. Nxe6 Re7 28. Bd4 Bxd4 29. Nxd4 Nxf4 30. Bf3 Kg6 31. a4 1/2-1/2

[Event "Mondariz op"]
[Site "?"]
[Date "1998.??.??"]
[Round "?"]
[White "Mellado, Joan"]
[Black "Suba, Mihai"]
[Result "1/2-1/2"]
[WhiteElo "2465"]
[BlackElo "2535"]
[PlyCount "144"]
[EventDate "1998.??.??"]
[Source "www.chesslib.no"]
[SourceDate "2004.05.04"]

1. e4 Nf6 2. e5 Nd5 3. d4 d6 4. Nf3 c6 5. c4 Nc7 6. Nc3 dxe5 7. Nxe5 Nd7 8. Nf3 g6 9. Be2 Bg7 10. O-O O-O 11. Bf4 Ne6 12. Be3 b6 13. Qd2 Bb7 14. Rad1 Qc7 15. Rfe1 Rad8 16. Qc1 Nf6 17. Ng5 Nxg5 18. Bxg5 Rd7 19. Bf3 Rc8 20. Qe3 Qd8 21. h3 Qf8 22. a4 e6 23. a5 Qb4 24. axb6 axb6 25. Be2 Ne8 26. d5 cxd5 27. cxd5 Bxd5 28. Nxd5 Rxd5 29. Ba6 Rcc5 30. Be7 Nc7 31. Bxc5 bxc5 32. Be2 Bd4 33. Qa3 Qb6 34. Bc4 Bxb2 35. Qa2 Rxd1 36. Rxd1 Bd4 37. Rb1 Qd6 38. Qe2 Qf4 39. Rb8+ Kg7 40. Rb7 Nd5 41. Bxd5 exd5 42. Rd7 Qf5 43. Rb7 c4 44. g4 Qf4 45. Kg2 Qf6 46. Rd7 h5 47. Rxd5 hxg4 48. hxg4 c3 49. f3 Qf4 50. Qd3 Be5 51. Rc5 Qh2+ 52. Kf1 Bg3 53. Qxc3+ f6 54. Qe3 Qh1+ 55. Ke2 Qe1+ 56. Kd3 Qd1+ 57. Kc4 Qa4+ 58. Kd3 Qd1+ 59. Kc3 Be5+ 60. Rxe5 Qa1+ 61. Kc4 fxe5 62. Kd5 Kf6 63. Qb6+ Kg5 64. Qd8+ Kf4 65. Qf6+ Kg3 66. g5 Qd4+ 67. Ke6 Qc4+ 68. Kxe5 Qe2+ 69. Kd6 Qxf3 70. Ke7 Qe4+ 71. Kf7 Kg4 72. Qxg6 Qd5+ 1/2-1/2

[Event "Timishoara ROM"]
[Site "?"]
[Date "2006.03.??"]
[Round "3"]
[White "Nevednichy Vladislav"]
[Black "Grunberg Mihai-Lucian"]
[Result "1-0"]
[WhiteElo "2581"]
[BlackElo "2416"]
[PlyCount "53"]
[EventDate "2006.??.??"]
[Source "www.chesslib.no"]
[SourceDate "2004.05.04"]

1. e4 Nf6 2. e5 Nd5 3. d4 d6 4. Nf3 c6 5. Be2 dxe5 6. Nxe5 g6 7. O-O Bg7 8. c4 Nc7 9. Be3 O-O 10. f4 Nd7 11. Nc3 Nxe5 12. fxe5 c5 13. d5 Bxe5 14. Bxc5 Na6 15. Bd4 Qc7 16. Bxe5 Qxe5 17. Qd2 Qd6 18. Rad1 Bd7 19. a3 Rac8 20. b4 b6 21. Bf3 Rfe8 22. Qd4 e5 23. dxe6 Qxd4+ 24. Rxd4 Bxe6 25. Nb5 Nc7 26. Nd6 Red8 27. Rfd1 1-0

[Event "70 ch-BRA"]
[Site "Rio de Janeiro"]
[Date "2004.03.03"]
[Round "9"]
[White "Matsuura, Everaldo"]
[Black "Lima, Darcy"]
[Result "1/2-1/2"]
[WhiteElo "2460"]
[BlackElo "2537"]
[PlyCount "73"]
[EventDate "2004.02.26"]
[Source "Roberto Alvarez"]
[SourceDate "2004.03.08"]

1. e4 Nf6 2. e5 Nd5 3. d4 d6 4. Nf3 c6 5. c4 Nc7 6. Be2 dxe5 7. Nxe5 g6 8. O-O Bg7 9. f4 Nd7 10. Nc3 O-O 11. Be3 Nb6 12. Qe1 f6 13. Nf3 Be6 14. b3 Bf7 15. Rd1 e6 16. Bd3 Nd7 17. g4 Qe7 18. Qg3 c5 19. Rfe1 cxd4 20. Bxd4 Qb4 21. Ne4 Rad8 22. Qh4 Ne8 23. Bc2 Qe7 24. Bc3 b6 25. a3 Nc5 26. Rxd8 Qxd8 27. Rd1 Qe7 28. Nxc5 Qxc5+ 29. Qf2 Qxa3 30. Qd4 f5 31. Ne5 fxg4 32. b4 Qa6 33. Ra1 Qc8 34. Rxa7 Nc7 35. Qxb6 Nd5 36. cxd5 Qxc3 37. Qf2 1/2-1/2

[Event "Mind Sports Games - Blitz Ind w"]
[Site "Pechino CINA"]
[Date "2008.10.04"]
[Round "7"]
[White "Xu Yuhua"]
[Black "Zhao Xue"]
[Result "1/2-1/2"]
[WhiteElo "2477"]
[BlackElo "2518"]
[PlyCount "100"]
[EventDate "2008.10.04"]
[Source "www.chesslib.no"]
[SourceDate "2004.05.04"]

1. e4 Nf6 2. e5 Nd5 3. d4 d6 4. Nf3 c6 5. Bc4 dxe5 6. Nxe5 Nd7 7. Nf3 N7b6 8. Bb3 Bg4 9. h3 Bh5 10. O-O e6 11. c4 Nf6 12. Be3 Be7 13. Nbd2 O-O 14. Qe1 a5 15. a3 Qc7 16. Bg5 a4 17. Ba2 Rfe8 18. Qe3 c5 19. Bxf6 Bxf6 20. dxc5 Nd7 21. Ne4 Bxb2 22. Rab1 Bxf3 23. Qxf3 Be5 24. Rxb7 Qc8 25. c6 Nf6 26. c5 Ra6 27. Rb6 Nd5 28. Bxd5 exd5 29. Nd6 Bxd6 30. Rxa6 Qxa6 31. cxd6 Qxc6 32. Qf4 Rd8 33. Rc1 Qd7 34. Rd1 Qe6 35. Qxa4 Qxd6 36. Rd4 h6 37. Qb4 Qe5 38. Qd2 Rd7 39. g3 Kh7 40. h4 g6 41. a4 Kg7 42. a5 h5 43. a6 Qe6 44. Ra4 Rd8 45. a7 Ra8 46. Qd4+ Kg8 47. Kg2 Qd7 48. Ra5 Qc7 49. Qxd5 Rxa7 50. Rxa7 Qxa7 1/2-1/2

[Event "Cattolica Open"]
[Site "Cattolica ITA"]
[Date "1994.??.??"]
[Round "?"]
[White "Onischuk, Alexander"]
[Black "Zelcic, Robert"]
[Result "1-0"]
[WhiteElo "2535"]
[BlackElo "2460"]
[PlyCount "107"]
[EventDate "1994.??.??"]
[Source "www.chesslib.no"]
[SourceDate "2004.05.04"]

1. e4 Nf6 2. e5 Nd5 3. d4 d6 4. Nf3 c6 5. Be2 dxe5 6. Nxe5 g6 7. O-O Bg7 8. c4 Nb6 9. Nc3 O-O 10. Be3 N8d7 11. Nf3 Nf6 12. h3 Bf5 13. a4 Nc8 14. a5 Nd6 15. Qb3 Qc8 16. Ne5 Nd7 17. Bf4 Nxe5 18. dxe5 Ne8 19. Na4 Nc7 20. Nc5 Ne6 21. Nxe6 Bxe6 22. Qe3 Qc7 23. b4 Rfd8 24. Rfc1 a6 25. b5 axb5 26. cxb5 Rd5 27. Qb6 Qxb6 28. axb6 Rb8 29. bxc6 bxc6 30. b7 g5 31. Bxg5 Bxe5 32. Ra8 Rd7 33. Ba6 Kg7 34. Be3 Rbxb7 35. Bxb7 Rxb7 36. Rxc6 Bd6 37. Rc1 Rb5 38. Rca1 Rb7 39. R8a5 f6 40. Bc5 Bb8 41. Ra6 Bd5 42. Rb6 Rxb6 43. Bxb6 e6 44. Bc7 Bxc7 45. Ra7 Kg6 46. Rxc7 h5 47. h4 e5 48. Re7 Bc6 49. f3 Kf5 50. Rc7 Bd5 51. Rc5 Ke6 52. Ra5 Bc4 53. Kf2 f5 54. g3 1-0

[Event "KB Czech Open"]
[Site "Pardubice"]
[Date "2003.07.24"]
[Round "7"]
[White "Kovalev, Andrei"]
[Black "Zilberman, Yaacov"]
[Result "1-0"]
[WhiteElo "2554"]
[BlackElo "2440"]
[PlyCount "77"]
[EventDate "2003.07.18"]
[Source "Roberto Alvarez"]
[SourceDate "2003.07.21"]

1. e4 Nf6 2. e5 Nd5 3. d4 d6 4. Nf3 c6 5. Be2 dxe5 6. Nxe5 Nd7 7. Nf3 g6 8. O-O Bg7 9. c4 Nc7 10. Nc3 O-O 11. Bf4 c5 12. dxc5 Ne6 13. Be3 Bxc3 14. bxc3 Ndxc5 15. Nd4 Bd7 16. Bf3 Rc8 17. Re1 b6 18. Bh6 Ng7 19. Qe2 e6 20. Rad1 Qe7 21. g3 Rfe8 22. h4 e5 23. Bd5 Kh8 24. f4 e4 25. Qe3 f6 26. Rd2 Nf5 27. Nxf5 Bxf5 28. Qe2 Rcd8 29. h5 Qd7 30. Qh2 Nd3 31. Re3 Qd6 32. g4 Qc5 33. Rde2 Rxd5 34. cxd5 Bxg4 35. Qh4 g5 36. Qxg4 Nxf4 37. Qd7 Rg8 38. Bg7+ Rxg7 39. Qd8+ 1-0

[Event "Moscow Aeroflot op"]
[Site "Moscow"]
[Date "2002.02.06"]
[Round "3"]
[White "Kuzmin, Gennadi P"]
[Black "Zilberman, Yaacov"]
[Result "1-0"]
[WhiteElo "2527"]
[BlackElo "2466"]
[PlyCount "73"]
[EventDate "2002.02.04"]
[Source "ChessBase"]
[SourceDate "2002.03.21"]

1. e4 Nf6 2. e5 Nd5 3. d4 d6 4. Nf3 c6 5. h3 g6 6. c4 Nc7 7. Bf4 Bg7 8. Nc3 Ne6 9. Bg3 dxe5 10. dxe5 O-O 11. Be2 Nd7 12. Qc1 a5 13. O-O Qc7 14. Qe3 Qb6 15. Qxb6 Nxb6 16. Rad1 Bh6 17. Rfe1 Bd7 18. b3 Rfd8 19. Ne4 c5 20. Bh4 Bc6 21. Rxd8+ Rxd8 22. Nxc5 Nxc5 23. Bxe7 Ne6 24. Bxd8 Nxd8 25. Nd4 Bd2 26. Rd1 Bf4 27. Nxc6 Nxc6 28. c5 Na8 29. Rd7 Bxe5 30. Bc4 Nc7 31. Rxf7 Kh8 32. f4 Bd4+ 33. Kf1 Na6 34. Bxa6 bxa6 35. Rc7 Nb4 36. c6 Bb6 37. Rd7 1-0

[Event "CUB-ch"]
[Site "Santa Clara"]
[Date "2000.??.??"]
[Round "?"]
[White "Vazquez, Renier"]
[Black "Nogueiras, Jesus"]
[Result "1-0"]
[WhiteElo "2429"]
[BlackElo "2563"]
[PlyCount "95"]
[EventDate "2000.??.??"]
[Source "www.chesslib.no"]
[SourceDate "2004.05.04"]

1. e4 Nf6 2. e5 Nd5 3. d4 d6 4. Nf3 c6 5. Be2 dxe5 6. Nxe5 Nd7 7. Nd3 g6 8. Nd2 Bg7 9. Nf3 c5 10. c4 N5b6 11. Qb3 Qc7 12. Bf4 Qc6 13. d5 Qa4 14. Nd2 Qa5 15. a4 Nf6 16. Qb5+ Qxb5 17. axb5 Nbd7 18. O-O O-O 19. Rfe1 Re8 20. Bf3 Bf8 21. Nb3 Nb6 22. Na5 a6 23. bxa6 Rxa6 24. Nxc5 Rxa5 25. Rxa5 Nxc4 26. Rb5 b6 27. Rb4 bxc5 28. Rxc4 Nd7 29. Ra4 Bg7 30. d6 e5 31. Bc6 Rd8 32. Ra8 Nb6 33. Rb8 Rxd6 34. Rxb6 exf4 35. Rb8 Rxc6 36. Re8+ Bf8 37. Rexc8 Rxc8 38. Rxc8 Kg7 39. Kf1 Bd6 40. Ke2 Be5 41. b3 Bd4 42. f3 Kf6 43. Kd3 Bg1 44. h3 Kg5 45. Rc7 Kh4 46. Rxf7 h5 47. Rxf4+ Kg3 48. Rf6 1-0

[Event "ISR-chT"]
[Site "Israel"]
[Date "1999.04.09"]
[Round "7"]
[White "Gruenfeld, Yehuda"]
[Black "Zilberman, Yaacov"]
[Result "1-0"]
[WhiteElo "2479"]
[BlackElo "2513"]
[PlyCount "87"]
[EventDate "1999.01.??"]
[Source "www.chesslib.no"]
[SourceDate "2004.05.04"]

1. e4 Nf6 2. e5 Nd5 3. d4 d6 4. Nf3 c6 5. c4 Nc7 6. Be2 dxe5 7. Nxe5 Nd7 8. Nf3 g6 9. Nc3 Bg7 10. Bf4 O-O 11. O-O Ne6 12. Be3 Nf6 13. h3 Qc7 14. Qc1 Rd8 15. Rd1 b6 16. d5 cxd5 17. cxd5 Nf8 18. Nd4 Bb7 19. Bf3 Rd7 20. Nc6 Qc8 21. Nb5 a6 22. Nba7 Qe8 23. Bxb6 e6 24. d6 Nd5 25. Bc5 Kh8 26. Re1 Rxa7 27. Nxa7 Qa8 28. Qd2 Kg8 29. Rac1 Bf6 30. b4 Bd8 31. a4 h5 32. b5 axb5 33. axb5 Nh7 34. Ra1 Ng5 35. Nc6 Nxf3+ 36. gxf3 Qc8 37. Rec1 Bf6 38. Bd4 Bxd4 39. Ne7+ Nxe7 40. Rxc8+ Nxc8 41. Qxd4 Rxd6 42. Qf4 Rd5 43. Qb8 Rxb5 44. Ra7 1-0

[Event "II Open ROMGAZ"]
[Site "Bucarest ROM"]
[Date "2008.09.16"]
[Round "6"]
[White "Lupulescu, C."]
[Black "Grunberg, M."]
[Result "1-0"]
[WhiteElo "2589"]
[BlackElo "2400"]
[PlyCount "69"]
[EventDate "2008.09.11"]
[Source "www.chesslib.no"]
[SourceDate "2004.05.04"]

1. e4 Nf6 2. e5 Nd5 3. d4 d6 4. Nf3 c6 5. Be2 dxe5 6. Nxe5 Nd7 7. Nf3 g6 8. O-O Bg7 9. c4 Nc7 10. Nc3 O-O 11. Bf4 Ne6 12. Be3 Nf6 13. h3 Qc7 14. Qd2 Rd8 15. Rfd1 Nh5 16. Qe1 Nef4 17. Bf1 h6 18. Rac1 g5 19. Ne5 f6 20. Nd3 Nxd3 21. Bxd3 f5 22. d5 e5 23. dxe6 Bxe6 24. Bxg5 Re8 25. Bd2 Kh8 26. Qf1 Rad8 27. Bb1 Qf7 28. b3 f4 29. Be4 Bd4 30. Kh1 f3 31. Bxf3 Bxh3 32. Ne2 Bxf2 33. Qxf2 Rxe2 34. Bc3+ Kh7 35. Be4+ 1-0

[Event "I Open Casino"]
[Site "Lugano SVI"]
[Date "2007.05.01"]
[Round "5.3"]
[White "Delchev, Aleksander"]
[Black "Rogulj, Branko"]
[Result "1/2-1/2"]
[WhiteElo "2600"]
[BlackElo "2387"]
[PlyCount "52"]
[EventDate "2007.04.29"]
[Source "www.chesslib.no"]
[SourceDate "2004.05.04"]

1. e4 Nc6 2. Nf3 Nf6 3. e5 Nd5 4. c4 Nb6 5. d4 d6 6. e6 fxe6 7. Nc3 e5 8. d5 Nd4 9. Nxd4 exd4 10. Qxd4 e5 11. dxe6 Bxe6 12. Be2 Qf6 13. Qxf6 gxf6 14. b3 d5 15. cxd5 Bb4 16. Bd2 Nxd5 17. Bh5+ Kf8 18. Nxd5 Bxd2+ 19. Kxd2 Bxd5 20. Rhc1 c6 21. g3 Rd8 22. Kc3 Rg8 23. h4 Rg7 24. Rd1 Re7 25. Bf3 Re5 26. Rd2 Ke7 1/2-1/2

[Event "Reykjavik op"]
[Site "Reykjavik"]
[Date "1982.??.??"]
[Round "?"]
[White "Sigurjonsson, Gudmundur"]
[Black "Alburt, Lev O"]
[Result "1/2-1/2"]
[WhiteElo "2435"]
[BlackElo "2550"]
[PlyCount "93"]
[EventDate "1982.02.??"]
[Source "ChessBase"]

1. e4 Nf6 2. e5 Nd5 3. d4 d6 4. c4 Nb6 5. exd6 cxd6 6. Nc3 g6 7. h3 Bg7 8. Nf3 O-O 9. Be2 Nc6 10. O-O Bf5 11. Be3 d5 12. c5 Nc4 13. Bxc4 dxc4 14. Qa4 e5 15. Rfd1 exd4 16. Nxd4 Nxd4 17. Bxd4 Bxd4 18. Qxc4 Bxf2+ 19. Kxf2 Qf6 20. Qd4 Qxd4+ 21. Rxd4 Rac8 22. b4 b6 23. Nd5 bxc5 24. Ne7+ Kg7 25. Nxc8 cxd4 26. Nxa7 Rd8 27. b5 d3 28. a4 d2 29. Rd1 Bc2 30. Ke2 Bxa4 31. Rxd2 Rxd2+ 32. Kxd2 Bb3 33. Kd3 Bd5 34. g3 Bg2 35. b6 Kf6 36. Kd4 Ke6 37. Kc5 Kd7 38. Nb5 g5 39. Nd6 f5 40. Nxf5 Bxh3 41. Nh6 Be6 42. Kd4 Kc6 43. Ke5 Bb3 44. Kf6 Kxb6 45. Kxg5 Kc5 46. Kf6 Kd4 47. Kg7 1/2-1/2

[Event "RUS-ch U20"]
[Site "Ekaterinburg"]
[Date "1996.??.??"]
[Round "7"]
[White "Lastin, Alexander"]
[Black "Dyachkov, Sergej"]
[Result "0-1"]
[WhiteElo "2480"]
[BlackElo "2505"]
[PlyCount "60"]
[EventDate "1996.??.??"]
[Source "ChessBase"]

1. e4 Nf6 2. e5 Nd5 3. d4 d6 4. Nf3 Nc6 5. Bb5 a6 6. Ba4 Nb6 7. Bxc6+ bxc6 8. O-O Bg4 9. Qe2 Qd7 10. h3 Bh5 11. Nc3 e6 12. Bg5 d5 13. Rad1 c5 14. dxc5 Bxc5 15. Ne4 Be7 16. g4 Bg6 17. Bxe7 Qxe7 18. Ng3 O-O 19. Nd4 c5 20. Ndf5 exf5 21. gxf5 Qg5 22. fxg6 fxg6 23. c4 d4 24. b4 Rae8 25. Rfe1 Na4 26. Qg4 Qxg4 27. hxg4 Nb2 28. bxc5 Nxd1 29. Rxd1 Rf4 30. Re1 d3 0-1

[Event "Malaga op"]
[Site "Malaga"]
[Date "1998.02.21"]
[Round "9"]
[White "Hamdouchi, Hichem"]
[Black "Wohl, Aleksandar H"]
[Result "1-0"]
[WhiteElo "2535"]
[BlackElo "2440"]
[PlyCount "113"]
[EventDate "1998.02.13"]
[Source "ChessBase"]
[SourceDate "1998.04.29"]

1. e4 Nf6 2. e5 Nd5 3. d4 d6 4. Nf3 c6 5. h3 Bf5 6. Be2 dxe5 7. Nxe5 Nd7 8. Nxd7 Qxd7 9. O-O e6 10. c4 Nb4 11. Na3 Be7 12. Be3 O-O 13. Qb3 a5 14. c5 Nd5 15. Nc4 a4 16. Qd1 Qc7 17. Bf3 Ra6 18. Qd2 Nxe3 19. fxe3 Rd8 20. Qf2 Bf6 21. Rad1 Bg6 22. e4 h6 23. h4 Rf8 24. e5 Be7 25. h5 Bh7 26. Qe2 Qd8 27. g3 Kh8 28. Kh2 Ra7 29. Rf2 Bg5 30. Bg4 Be7 31. Qf1 Bg8 32. Bf3 Ra8 33. Be4 Qc7 34. Bc2 a3 35. b4 Bg5 36. Qd3 f5 37. exf6 gxf6 38. Rdf1 Qe7 39. Nd6 e5 40. dxe5 Qxe5 41. Qg6 Qe7 42. Bd3 Rad8 43. Re2 Qc7 44. Bf5 Bh7 45. Qxh7+ Qxh7 46. Bxh7 Kxh7 47. Re7+ Kg8 48. Rxb7 Rb8 49. Rxb8 Rxb8 50. b5 f5 51. bxc6 Bd8 52. Re1 Kg7 53. Re8 Rb2+ 54. Kh3 Ba5 55. Ra8 Be1 56. Nxf5+ Kf6 57. c7 1-0

[Event "Orel"]
[Site "?"]
[Date "1996.??.??"]
[Round "?"]
[White "Zhelnin, V."]
[Black "Dyachkov, S."]
[Result "1-0"]
[WhiteElo "2470"]
[BlackElo "2505"]
[PlyCount "59"]
[EventDate "1996.??.??"]
[Source "ChessBase"]
[SourceDate "1996.02.01"]

1. e4 Nf6 2. e5 Nd5 3. d4 d6 4. Nf3 Nc6 5. c4 Nb6 6. Nc3 Bg4 7. exd6 cxd6 8. Be3 e6 9. h3 Bh5 10. d5 exd5 11. cxd5 Ne5 12. Bb5+ Nbd7 13. Nxe5 Bxd1 14. Bxd7+ Ke7 15. Nc6+ bxc6 16. dxc6 Qa5 17. Rxd1 Rd8 18. b4 Qxb4 19. O-O Qxc3 20. Bd4 Qc4 21. Rfe1+ Qe6 22. Bxe6 fxe6 23. Rb1 Kf7 24. Rb7+ Be7 25. Bxg7 Rhg8 26. Bd4 Rc8 27. Rc1 a6 28. f4 Rg3 29. Bf2 Rg7 30. Ra7 1-0

[Event "Budapest Honved"]
[Site "Budapest"]
[Date "1994.??.??"]
[Round "6"]
[White "Slobodjan, Roman"]
[Black "Varga, Zoltan"]
[Result "0-1"]
[WhiteElo "2490"]
[BlackElo "2480"]
[PlyCount "74"]
[EventDate "1994.??.??"]
[Source "ChessBase"]

1. e4 Nf6 2. e5 Nd5 3. d4 d6 4. Nf3 Nc6 5. Bb5 a6 6. Bxc6+ bxc6 7. c4 Nb6 8. b3 Bf5 9. O-O e6 10. Bb2 Be7 11. Qe2 O-O 12. Nbd2 a5 13. a4 Nd7 14. Rfd1 Re8 15. Rac1 Qb8 16. h3 dxe5 17. Nxe5 Nxe5 18. Qxe5 c5 19. Qe3 cxd4 20. Bxd4 Qb7 21. c5 Rab8 22. Qc3 Red8 23. Bxg7 Rd3 24. Qb2 Qd5 25. Bh6 f6 26. Kh2 Kf7 27. Be3 c6 28. Rg1 Bd8 29. g3 Bc7 30. Rcf1 h5 31. Qc1 h4 32. Nc4 hxg3+ 33. fxg3 Rh8 34. Bh6 Kg6 35. Ne3 Rd2+ 36. Rg2 Rxg2+ 37. Nxg2 Rxh6 0-1